[Event "BCF-chT1a 1819 (4NCL)"]
[Site "England"]
[Date "2018.11.10"]
[Round "1.1"]
[White "Jones, Gawain C B"]
[Black "Sreeves, Clement"]
[Result "1-0"]
[WhiteElo "2683"]
[BlackElo "2358"]
[PlyCount "65"]
[EventDate "2018.11.10"]
[EventType "team-tourn"]
[EventRounds "7"]
[EventCountry "ENG"]
[SourceTitle "CBM 187 Extra"]
[Source "ChessBase"]
[SourceDate "2018.11.04"]
[SourceVersion "1"]
[SourceVersionDate "2018.11.04"]
[SourceQuality "1"]
[WhiteTeam "Guildford"]
[BlackTeam "Alba"]
[WhiteTeamCountry "ENG"]
[BlackTeamCountry "ENG"]

1. Nf3 Nf6 2. d4 g6 3. Nbd2 Bg7 4. e4 d6 5. Bd3 0-0 6. 0-0 Nbd7 7. Re1 e5 8. c3 Re8 9. h3 b6 10. d5 Bb7 11. Bc2 Qe7 12. Nc4 Red8 13. Bg5 Nf8 14. Ne3 c6 15. Nh4 N8d7 16. dxc6 Bxc6 17. Nd5 Bxd5 18. exd5 h6 19. Be3 Nc5 20. Qf3 Qd7 21. Bxh6 e4 22. Qe3 Nxd5 23. Qd2 Bxh6 24. Qxd5 Qe7 25. Nxg6 Qg5 26. b4 e3 27. bxc5 exf2+ 28. Kxf2 Qf6+ 29. Kg1 dxc5 30. Qh5 Rd2 31. Be4 Kg7 32. Bxa8 fxg6 33. Qe5 1-0

[Event "Olympiad-43"]
[Site "Batumi"]
[Date "2018.09.25"]
[Round "2.3"]
[White "Sreeves, Clement"]
[Black "Van Wely, Loek"]
[Result "0-1"]
[WhiteElo "2382"]
[BlackElo "2642"]
[PlyCount "82"]
[EventDate "2018.09.24"]
[EventType "team-swiss"]
[EventRounds "11"]
[EventCountry "GEO"]
[SourceTitle "CBM 187"]
[Source "ChessBase"]
[SourceDate "2018.12.11"]
[SourceVersion "1"]
[SourceVersionDate "2018.12.11"]
[SourceQuality "1"]
[WhiteTeam "Scotland"]
[BlackTeam "Netherlands"]
[WhiteTeamCountry "SCO"]
[BlackTeamCountry "NED"]

1. e4 c5 2. Nf3 d6 3. d4 cxd4 4. Nxd4 Nf6 5. Nc3 a6 6. Be3 e6 7. g4 h6 8. Bg2 Nc6 9. h3 Qc7 10. Qe2 g5 11. 0-0-0 Ne5 12. f4 gxf4 13. Bxf4 b5 14. g5 hxg5 15. Bxg5 Nfd7 16. Rhf1 b4 17. Nb1 Qc4 18. Qf2 Qxa2 19. Nc6 Rg8 20. Nxb4 Qa1 21. h4 Nc5 22. Qd4 Rxg5 23. hxg5 Be7 24. Rf6 a5 25. Nd3 Nexd3+ 26. Rxd3 Nxd3+ 27. Qxd3 Rb8 28. Qc3 Qa4 29. g6 Bxf6 30. Qxf6 fxg6 31. Qxg6+ Kd8 32. Qf6+ Kc7 33. Qc3+ Kb7 34. Na3 Qb4 35. Nc4 Qxc3 36. bxc3 a4 37. Nxd6+ Kc6 38. e5+ Kc5 39. Nxc8 a3 40. Nd6 a2 41. Ne4+ Kc4 0-1

[Event "BCF-chT1d 1718 (4NCL) Demotion pool"]
[Site "England"]
[Date "2018.05.06"]
[Round "10.82"]
[White "Richardson, John R"]
[Black "Sreeves, Clement"]
[Result "1/2-1/2"]
[WhiteElo "2252"]
[BlackElo "2405"]
[PlyCount "98"]
[EventDate "2017.11.11"]
[EventType "team-swiss"]
[EventRounds "11"]
[EventCountry "ENG"]
[SourceTitle "EXT 2019"]
[Source "ChessBase"]
[SourceDate "2018.10.10"]
[SourceVersion "1"]
[SourceVersionDate "2018.10.10"]
[SourceQuality "1"]
[WhiteTeam "The ADS"]
[BlackTeam "Alba"]
[WhiteTeamCountry "ENG"]
[BlackTeamCountry "ENG"]

1. d4 Nf6 2. c4 g6 3. g3 c6 4. Bg2 d5 5. cxd5 cxd5 6. Nc3 Bg7 7. Nf3 Ne4 8. Ne5 Nxc3 9. bxc3 Nc6 10. Nxc6 bxc6 11. 0-0 0-0 12. Ba3 Ba6 13. Re1 Re8 14. e4 e6 15. Qc2 Bf8 16. Bxf8 Rxf8 17. h4 h5 18. exd5 exd5 19. Re5 Re8 20. Rae1 Rxe5 21. dxe5 Qe7 22. Kh2 Bc8 23. c4 Bf5 24. Qa4 dxc4 25. Qxc4 Rd8 26. Qf4 c5 27. Bh3 Bxh3 28. Kxh3 Qe6+ 29. Kg2 c4 30. Rc1 Rc8 31. Rc3 Qd5+ 32. Kh2 a6 33. a3 Rc6 34. Qe3 Re6 35. Qf4 Rc6 36. Qe3 a5 37. Qf4 a4 38. Qe3 Rc8 39. Qf4 Rc5 40. Qe3 Rc6 41. Qf4 Kg7 42. Qe3 Kh7 43. Qf4 Rc5 44. Qe3 Rb5 45. Qc1 Qd4 46. Rf3 Qd5 47. Rc3 Qd4 48. Rf3 Qd5 49. Rc3 Qd4 1/2-1/2

[Event "BCF-chT1d 1718 (4NCL) Demotion pool"]
[Site "England"]
[Date "2018.03.18"]
[Round "8.62"]
[White "Lund, D Brett"]
[Black "Sreeves, Clement"]
[Result "0-1"]
[WhiteElo "2258"]
[BlackElo "2405"]
[PlyCount "82"]
[EventDate "2017.11.11"]
[EventType "team-swiss"]
[EventRounds "11"]
[EventCountry "ENG"]
[SourceTitle "EXT 2019"]
[Source "ChessBase"]
[SourceDate "2018.10.10"]
[SourceVersion "1"]
[SourceVersionDate "2018.10.10"]
[SourceQuality "1"]
[WhiteTeam "Spirit of Atticus"]
[BlackTeam "Alba"]
[WhiteTeamCountry "ENG"]
[BlackTeamCountry "ENG"]

1. g3 Nf6 2. Bg2 d5 3. Nf3 g6 4. c4 c6 5. b3 Bg7 6. Bb2 0-0 7. 0-0 a5 8. d3 a4 9. Qc2 Bg4 10. Nbd2 Nbd7 11. h3 Bxf3 12. Nxf3 Qb6 13. Rfc1 e6 14. Bc3 Qa6 15. cxd5 exd5 16. b4 Ne8 17. Bxg7 Kxg7 18. e4 Nc7 19. Nd4 dxe4 20. dxe4 Kg8 21. Rd1 Rad8 22. Bf1 Qb6 23. Qc3 Rfe8 24. Bg2 Nf8 25. a3 Rd7 26. Nc2 Nb5 27. Qf6 Qd8 28. Qf3 Rd2 29. Bf1 Nc3 30. Rxd2 Qxd2 31. Bc4 Ne6 32. Bxe6 Rxe6 33. Ne3 Qd3 34. e5 Rxe5 35. Qf6 Re6 36. Qg5 Qd2 37. Rf1 Ne4 38. Qf4 Qd6 39. Qh6 Qf8 40. Qf4 Qd6 41. Qh6 Nxf2 0-1

[Event "BCF-chT1b 1718 (4NCL)"]
[Site "England"]
[Date "2018.02.11"]
[Round "6.82"]
[White "Sreeves, Clement"]
[Black "Houska, Jovanka"]
[Result "1-0"]
[WhiteElo "2405"]
[BlackElo "2401"]
[PlyCount "69"]
[EventDate "2017.11.11"]
[EventType "team-swiss"]
[EventRounds "11"]
[EventCountry "ENG"]
[SourceTitle "EXT 2019"]
[Source "ChessBase"]
[SourceDate "2018.10.10"]
[SourceVersion "1"]
[SourceVersionDate "2018.10.10"]
[SourceQuality "1"]
[WhiteTeam "Alba"]
[BlackTeam "Wood Green"]
[WhiteTeamCountry "ENG"]
[BlackTeamCountry "ENG"]

1. e4 c6 2. d4 d5 3. Nc3 dxe4 4. Nxe4 Nf6 5. Nxf6+ exf6 6. c3 Bd6 7. Bd3 Be6 8. Ne2 Qc7 9. Qc2 Nd7 10. h4 g6 11. g3 0-0-0 12. Be3 Nb6 13. c4 Bb4+ 14. Kf1 Be7 15. Bf4 Qd7 16. Kg2 g5 17. Be3 Qc7 18. Rac1 Kb8 19. Qd2 h6 20. Qa5 Nd5 21. Bd2 Nb6 22. Be3 Nd5 23. Bd2 Nb6 24. b4 f5 25. Be3 Rhg8 26. hxg5 hxg5 27. f4 gxf4 28. Nxf4 Bf6 29. d5 cxd5 30. cxd5 Qe5 31. Rhe1 Bxd5+ 32. Kf2 Rxg3 33. Kxg3 Bh4+ 34. Kxh4 Rg8 35. Qxa7+ 1-0

[Event "BCF-chT1b 1718 (4NCL)"]
[Site "England"]
[Date "2018.02.10"]
[Round "5.82"]
[White "Murphy, Conor"]
[Black "Sreeves, Clement"]
[Result "1-0"]
[WhiteElo "2313"]
[BlackElo "2405"]
[PlyCount "77"]
[EventDate "2017.11.11"]
[EventType "team-swiss"]
[EventRounds "11"]
[EventCountry "ENG"]
[SourceTitle "EXT 2019"]
[Source "ChessBase"]
[SourceDate "2018.10.10"]
[SourceVersion "1"]
[SourceVersionDate "2018.10.10"]
[SourceQuality "1"]
[WhiteTeam "Cambridge University"]
[BlackTeam "Alba"]
[WhiteTeamCountry "ENG"]
[BlackTeamCountry "ENG"]

1. c4 Nf6 2. g3 c6 3. Bg2 d5 4. Nf3 Bf5 5. cxd5 cxd5 6. Qb3 Nc6 7. Qxb7 Bd7 8. Qb3 Rb8 9. Qd1 e5 10. d4 Bb4+ 11. Nc3 Ne4 12. Bd2 Qa5 13. dxe5 Bxc3 14. bxc3 Rb2 15. 0-0 Bg4 16. Be1 Qc5 17. Nd4 Nxe5 18. f3 Nxc3 19. Bxc3 Qxc3 20. fxg4 0-0 21. Nf5 Nxg4 22. Qd4 Qxd4+ 23. Nxd4 Ne3 24. Rf3 Re8 25. Bh3 Rd2 26. Rb1 g6 27. Rb3 Nc4 28. Rfd3 Rxa2 29. Bg2 Re5 30. Rb5 Ne3 31. Rb1 a5 32. Bf3 a4 33. Nc6 Re6 34. Nb4 Rb6 35. Rxe3 Rd2 36. Ra3 Rd4 37. Rxa4 Kg7 38. Rb2 h5 39. Nd3 1-0

[Event "Wakefield 4NCL op 14th"]
[Site "Wakefield"]
[Date "2017.07.16"]
[Round "5"]
[White "Adair, James R"]
[Black "Sreeves, Clement"]
[Result "1/2-1/2"]
[WhiteElo "2481"]
[BlackElo "2391"]
[PlyCount "77"]
[EventDate "2017.07.14"]
[EventType "swiss"]
[EventRounds "5"]
[EventCountry "ENG"]
[SourceTitle "CBM 179 Extra"]
[Source "ChessBase"]
[SourceDate "2017.08.23"]
[SourceVersion "1"]
[SourceVersionDate "2017.08.23"]
[SourceQuality "1"]

1. e4 e5 2. Nf3 Nc6 3. Bb5 a6 4. Ba4 Nf6 5. 0-0 Be7 6. Re1 b5 7. Bb3 d6 8. c3 0-0 9. h3 Na5 10. Bc2 c5 11. d4 Qc7 12. Nbd2 Bd7 13. Nf1 Nc4 14. b3 Nb6 15. Bg5 c4 16. Ng3 Rfe8 17. Nh4 h6 18. Bd2 d5 19. dxe5 Nxe4 20. Nxe4 dxe4 21. Qh5 Bxh4 22. Qxh4 Bc6 23. Re3 Qd8 24. Qxd8 Raxd8 25. Re2 Rxe5 26. Be3 Nd5 27. Bd4 Nf4 28. Bxe5 Nxe2+ 29. Kf1 Rd2 30. Bd1 f6 31. Bxe2 fxe5 32. bxc4 e3 33. cxb5 Bxb5 34. Bxb5 Rxf2+ 35. Kg1 axb5 36. Re1 Rxa2 37. Rxe3 Rc2 38. Rxe5 Rxc3 39. Rxb5 1/2-1/2

[Event "Wakefield 4NCL op 14th"]
[Site "Wakefield"]
[Date "2017.07.15"]
[Round "3"]
[White "Sreeves, Clement"]
[Black "Jackson, James P"]
[Result "1-0"]
[WhiteElo "2391"]
[BlackElo "2286"]
[PlyCount "45"]
[EventDate "2017.07.14"]
[EventType "swiss"]
[EventRounds "5"]
[EventCountry "ENG"]
[SourceTitle "CBM 179 Extra"]
[Source "ChessBase"]
[SourceDate "2017.08.23"]
[SourceVersion "1"]
[SourceVersionDate "2017.08.23"]
[SourceQuality "1"]

1. e4 c5 2. Nf3 e6 3. d4 cxd4 4. Nxd4 a6 5. Nc3 Qc7 6. Bd3 Nf6 7. 0-0 d6 8. Kh1 Nbd7 9. f4 b6 10. e5 dxe5 11. fxe5 Nxe5 12. Bf4 Bb7 13. Qe2 Nfd7 14. Rae1 Bd6 15. Ne4 Bxe4 16. Bxe4 Rd8 17. Nxe6 fxe6 18. Qh5+ Ke7 19. Qg5+ Ke8 20. Qxg7 Rf8 21. Bxh7 Rf7 22. Bg6 Nxg6 23. Qxf7+ 1-0

[Event "BCF-chT2b 1617 (4NCL)"]
[Site "England"]
[Date "2017.02.11"]
[Round "5.82"]
[White "Bak, Andrew"]
[Black "Sreeves, Clement"]
[Result "0-1"]
[WhiteElo "2041"]
[BlackElo "2380"]
[PlyCount "90"]
[EventDate "2016.11.19"]
[EventType "team-tourn"]
[EventRounds "11"]
[EventCountry "ENG"]
[SourceTitle "EXT 2019"]
[Source "ChessBase"]
[SourceDate "2018.10.10"]
[SourceVersion "1"]
[SourceVersionDate "2018.10.10"]
[SourceQuality "1"]
[WhiteTeam "Bradford DCA Knights"]
[BlackTeam "Alba"]
[WhiteTeamCountry "ENG"]
[BlackTeamCountry "SCO"]

1. d4 Nf6 2. Nf3 g6 3. Nc3 d5 4. Bf4 Bg7 5. Qd2 Ne4 6. Nxe4 dxe4 7. Ne5 Be6 8. e3 Nd7 9. Nxd7 Qxd7 10. c4 c5 11. d5 Bf5 12. Be2 h5 13. Rd1 0-0 14. 0-0 Qa4 15. b3 Qa3 16. f3 a5 17. fxe4 Bxe4 18. Bf3 Bxf3 19. Rxf3 a4 20. e4 axb3 21. Rxb3 Qxa2 22. Qxa2 Rxa2 23. Rxb7 Bd4+ 24. Kh1 e5 25. Bg5 f6 26. Bh6 Rf7 27. Rb8+ Kh7 28. Bf8 f5 29. Rf1 Rf2 30. Rxf2 Bxf2 31. d6 fxe4 32. Be7 e3 33. Rb2 Bh4 34. Kg1 Bxe7 35. dxe7 Rxe7 36. Rb3 Kg7 37. Rxe3 e4 38. Kf2 Kf6 39. Re1 Re5 40. Ke3 Rg5 41. g3 Re5 42. h4 Kf5 43. Rf1+ Kg4 44. Rg1 Re6 45. Kf2 e3+ 0-1

[Event "BCF-chT2b 1617 (4NCL)"]
[Site "England"]
[Date "2016.11.20"]
[Round "2.53"]
[White "Sreeves, Clement"]
[Black "Ivell, Nicholas W"]
[Result "1-0"]
[WhiteElo "2380"]
[BlackElo "2186"]
[PlyCount "89"]
[EventDate "2016.11.19"]
[EventType "team-tourn"]
[EventRounds "11"]
[EventCountry "ENG"]
[SourceTitle "EXT 2019"]
[Source "ChessBase"]
[SourceDate "2018.10.10"]
[SourceVersion "1"]
[SourceVersionDate "2018.10.10"]
[SourceQuality "1"]
[WhiteTeam "Alba"]
[BlackTeam "Spirit of Atticus"]
[WhiteTeamCountry "SCO"]
[BlackTeamCountry "ENG"]

1. e4 c5 2. Nf3 e6 3. d4 cxd4 4. Nxd4 Nf6 5. Nc3 d6 6. Be3 Be7 7. f3 0-0 8. Qd2 Nc6 9. g4 Nd7 10. 0-0-0 Nxd4 11. Bxd4 Ne5 12. Be2 Nc6 13. Be3 a6 14. g5 b5 15. h4 Re8 16. Rdg1 Rb8 17. g6 fxg6 18. h5 g5 19. Bxg5 Bxg5 20. Rxg5 Rb7 21. Rhg1 Rf7 22. f4 Qc7 23. Bd3 Nd4 24. Qe3 Qa7 25. Qg3 Ree7 26. h6 Rc7 27. e5 dxe5 28. hxg7 Rxg7 29. Ne4 Nf5 30. Nf6+ Kh8 31. Bxf5 exf4 32. Qxf4 exf5 33. Rd1 Bd7 34. Rxg7 Kxg7 35. Qg5+ Kf7 36. Nxd7 Rxd7 37. Qxf5+ Ke8 38. Qe6+ Kd8 39. Qg8+ Ke7 40. Qxh7+ Ke8 41. Qg8+ Ke7 42. Qg5+ Ke8 43. Re1+ Re7 44. Qg8+ Kd7 45. Rxe7+ 1-0

[Event "EU-Cup 32nd"]
[Site "Novi Sad"]
[Date "2016.11.11"]
[Round "6.1"]
[White "Sreeves, Clement"]
[Black "Villegas, Pierre"]
[Result "0-1"]
[WhiteElo "2356"]
[BlackElo "2344"]
[PlyCount "114"]
[EventDate "2016.11.06"]
[EventType "team-swiss"]
[EventRounds "7"]
[EventCountry "SRB"]
[SourceTitle "CBM 176"]
[Source "ChessBase"]
[SourceDate "2017.01.17"]
[SourceVersion "1"]
[SourceVersionDate "2017.01.17"]
[SourceQuality "1"]
[WhiteTeam "Edinburgh"]
[BlackTeam "Monte Carlo"]
[WhiteTeamCountry "SCO"]
[BlackTeamCountry "MNC"]

1. e4 c6 2. d4 d5 3. Nc3 dxe4 4. Nxe4 Bf5 5. Ng3 Bg6 6. h4 h6 7. Nf3 e6 8. Ne5 Bh7 9. Bd3 Bxd3 10. Qxd3 Nd7 11. f4 Be7 12. Bd2 Nxe5 13. fxe5 Bxh4 14. 0-0-0 Bxg3 15. Qxg3 Ne7 16. Qxg7 Rg8 17. Qh7 Rxg2 18. d5 cxd5 19. Rhf1 Nf5 20. Rxf5 exf5 21. Bxh6 Qc7 22. Qxf5 Qc6 23. Bd2 Qe6 24. Qf3 Rg4 25. Be3 Re4 26. Bd4 b6 27. b3 0-0-0 28. Qd3 Kb7 29. Rf1 Rd7 30. a4 Qg4 31. Rd1 Qe2 32. Qh3 Rc7 33. Rd2 Qe1+ 34. Rd1 Qe2 35. Rd2 Qe1+ 36. Rd1 Qb4 37. Qd3 Re1 38. Rxe1 Qxe1+ 39. Kb2 Qe4 40. Qd2 Rxc2+ 41. Qxc2 Qxd4+ 42. Qc3 Qxc3+ 43. Kxc3 a5 44. Kd3 Kc7 45. Ke3 Kd7 46. Kd3 Ke7 47. Ke3 f5 48. exf6+ Kxf6 49. Kd4 Ke6 50. Kc3 Ke5 51. b4 Ke4 52. bxa5 bxa5 53. Kd2 Kd4 54. Kc2 Ke3 55. Kd1 Kd3 56. Kc1 Ke2 57. Kc2 d4 0-1

[Event "EU-Cup 32nd"]
[Site "Novi Sad"]
[Date "2016.11.10"]
[Round "5.1"]
[White "Adair, James R"]
[Black "Sreeves, Clement"]
[Result "1-0"]
[WhiteElo "2488"]
[BlackElo "2356"]
[PlyCount "69"]
[EventDate "2016.11.06"]
[EventType "team-swiss"]
[EventRounds "7"]
[EventCountry "SRB"]
[SourceTitle "CBM 176"]
[Source "ChessBase"]
[SourceDate "2017.01.17"]
[SourceVersion "1"]
[SourceVersionDate "2017.01.17"]
[SourceQuality "1"]
[WhiteTeam "White Rose"]
[BlackTeam "Edinburgh"]
[WhiteTeamCountry "ENG"]
[BlackTeamCountry "SCO"]

1. e4 e5 2. Nf3 Nc6 3. Bb5 a6 4. Ba4 Nf6 5. 0-0 Be7 6. Re1 b5 7. Bb3 0-0 8. a4 b4 9. d4 d6 10. dxe5 dxe5 11. Nbd2 Bc5 12. a5 h6 13. h3 Bb7 14. Bc4 Re8 15. c3 Qd7 16. Qc2 g5 17. Nf1 Nh5 18. Ne3 Bxe3 19. Bxe3 Qe7 20. cxb4 Nxb4 21. Qb3 c5 22. Nxe5 Qxe5 23. Bxf7+ Kh8 24. Bxh5 Re7 25. Rac1 Rc8 26. f3 Rd7 27. Red1 Rxd1+ 28. Rxd1 Bc6 29. Bd2 Qe7 30. Bc3+ Kh7 31. Rd6 Be8 32. Re6 Qd7 33. Bg4 Bf7 34. Bf5+ Kg8 35. Rg6+ 1-0

[Event "EU-Cup 32nd"]
[Site "Novi Sad"]
[Date "2016.11.08"]
[Round "3.1"]
[White "Ragger, Markus"]
[Black "Sreeves, Clement"]
[Result "1/2-1/2"]
[WhiteElo "2694"]
[BlackElo "2356"]
[PlyCount "151"]
[EventDate "2016.11.06"]
[EventType "team-swiss"]
[EventRounds "7"]
[EventCountry "SRB"]
[SourceTitle "CBM 176"]
[Source "ChessBase"]
[SourceDate "2017.01.17"]
[SourceVersion "1"]
[SourceVersionDate "2017.01.17"]
[SourceQuality "1"]
[WhiteTeam "Maria Saal"]
[BlackTeam "Edinburgh"]
[WhiteTeamCountry "AUT"]
[BlackTeamCountry "SCO"]

1. d4 Nf6 2. c4 g6 3. Nc3 d5 4. cxd5 Nxd5 5. e4 Nxc3 6. bxc3 Bg7 7. Nf3 c5 8. Bb5+ Nd7 9. 0-0 0-0 10. Re1 Nb6 11. dxc5 a6 12. cxb6 axb5 13. Qxd8 Rxd8 14. e5 Be6 15. Bg5 Kf8 16. a3 Bc4 17. Be3 Rd5 18. Bd4 f6 19. h3 Kf7 20. exf6 exf6 21. Nd2 Bd3 22. Re3 Bf5 23. Rae1 Bf8 24. g4 Bc2 25. Nf3 g5 26. R3e2 Bb3 27. Nd2 Bc2 28. Re6 Rd6 29. R6e3 Rc6 30. h4 h6 31. Rc1 Bh7 32. Rh3 Bg6 33. h5 Bh7 34. Ra1 Rxa3 35. Rxa3 Bxa3 36. c4 Bb4 37. Bc3 Bxc3 38. Rxc3 b4 39. Rc1 Rxb6 40. c5 Re6 41. Rc4 Re1+ 42. Kg2 Re2 43. Rd4 Bc2 44. Kf1 Re5 45. Rxb4 Bd3+ 46. Kg2 Rxc5 47. Rxb7+ Ke6 48. Rb6+ Ke5 49. Nf3+ Kf4 50. Rxf6+ Kxg4 51. Ne1 Be4+ 52. f3+ Bxf3+ 53. Nxf3 Rc2+ 54. Kf1 Kxh5 55. Ne5 g4 56. Nf7 Kh4 57. Rxh6+ Kg3 58. Ne5 Rf2+ 59. Ke1 Rf5 60. Nd3 Kg2 61. Ke2 Rf8 62. Re6 g3 63. Ne1+ Kg1 64. Nf3+ Kg2 65. Nh4+ Kh3 66. Nf3 Kg2 67. Re3 Rf4 68. Ne1+ Kh2 69. Re8 g2 70. Nf3+ Kg3 71. Ng1 Kh2 72. Nf3+ Kg3 73. Rg8+ Rg4 74. Rxg4+ Kxg4 75. Kf2 g1Q+ 76. Nxg1 1/2-1/2

[Event "London Classic rapid op 7th"]
[Site "London"]
[Date "2015.12.13"]
[Round "10"]
[White "Sreeves, Clement"]
[Black "Sadler, Matthew D"]
[Result "0-1"]
[WhiteElo "2352"]
[BlackElo "2659"]
[PlyCount "38"]
[EventDate "2015.12.12"]
[EventType "swiss (rapid)"]
[EventRounds "10"]
[EventCountry "ENG"]
[SourceTitle "CBM 169 Extra"]
[Source "ChessBase"]
[SourceDate "2015.12.18"]
[SourceVersion "1"]
[SourceVersionDate "2015.12.18"]
[SourceQuality "1"]

1. e4 Nf6 2. e5 Nd5 3. d4 d6 4. Nf3 dxe5 5. Nxe5 c6 6. Be2 Bf5 7. 0-0 Nd7 8. Nf3 e6 9. c4 N5f6 10. Nc3 Qc7 11. Nh4 Bg6 12. g3 Rd8 13. Qb3 Bd6 14. c5 Be7 15. Bf4 Qc8 16. Nxg6 hxg6 17. Qa4 e5 18. Bxe5 Nxe5 19. dxe5 Qh3 0-1

[Event "BCF-chT3Nb 1516 (4NCL)"]
[Site "England"]
[Date "2015.11.14"]
[Round "1.106"]
[White "Sreeves, Clement"]
[Black "Latham, David"]
[Result "1/2-1/2"]
[WhiteElo "2352"]
[BlackElo "2094"]
[PlyCount "85"]
[EventDate "2015.11.14"]
[EventType "team-swiss"]
[EventRounds "7"]
[EventCountry "ENG"]
[SourceTitle "CBM 169 Extra"]
[Source "ChessBase"]
[SourceDate "2015.12.18"]
[SourceVersion "1"]
[SourceVersionDate "2015.12.18"]
[SourceQuality "1"]
[WhiteTeam "Alba"]
[BlackTeam "Spirit of Atticus II"]
[WhiteTeamCountry "ENG"]
[BlackTeamCountry "ENG"]

1. e4 c6 2. d4 d5 3. Nc3 b5 4. a3 a6 5. Nf3 Bg4 6. h3 Bxf3 7. Qxf3 e6 8. Bd3 Ne7 9. 0-0 Nd7 10. Re1 Nb6 11. Ne2 Ng6 12. Ng3 Be7 13. Nh5 0-0 14. Qg4 dxe4 15. Qxe4 Nd5 16. Bd2 Bg5 17. Bb4 Nxb4 18. axb4 Qd6 19. c3 Ra7 20. g3 Rfa8 21. h4 Bd8 22. Re3 a5 23. bxa5 Rxa5 24. Rae1 Nf8 25. Qg4 g6 26. Nf4 R8a7 27. Bb1 b4 28. Nd3 bxc3 29. bxc3 Bf6 30. Nc5 Bg7 31. Qf3 Ra1 32. Be4 e5 33. Nb3 Rxe1+ 34. Rxe1 exd4 35. Nxd4 Ra3 36. Re3 c5 37. Nb5 Ra1+ 38. Kh2 Qd1 39. Bd5 Qg1+ 40. Kh3 Qf1+ 41. Kh2 Qg1+ 42. Kh3 Qf1+ 43. Kh2 1/2-1/2

[Event "Pardubice Czech op-A 26th"]
[Site "Pardubice"]
[Date "2015.07.31"]
[Round "8"]
[White "Xylogiannopoulos, Antonios"]
[Black "Sreeves, Clement"]
[Result "1/2-1/2"]
[WhiteElo "2153"]
[BlackElo "2333"]
[PlyCount "120"]
[EventDate "2015.07.24"]
[EventType "swiss"]
[EventRounds "9"]
[EventCountry "CZE"]
[SourceTitle "CBM 167 Extra"]
[Source "ChessBase"]
[SourceDate "2015.09.14"]
[SourceVersion "1"]
[SourceVersionDate "2015.09.14"]
[SourceQuality "1"]

1. e4 e5 2. Nf3 Nc6 3. Nc3 Nf6 4. d4 exd4 5. Nxd4 Bb4 6. Nxc6 bxc6 7. Bd3 d5 8. exd5 cxd5 9. 0-0 0-0 10. h3 c6 11. Qf3 Bd6 12. Bf4 Rb8 13. b3 Rb4 14. Bxd6 Qxd6 15. Rfe1 Be6 16. Na4 Nd7 17. Qg3 Qxg3 18. fxg3 c5 19. Rac1 Rc8 20. c3 Rbb8 21. c4 d4 22. Kf2 Rc6 23. Re2 f6 24. Be4 Rd6 25. Rce1 Kf7 26. Bxh7 Rc8 27. Nb2 Ne5 28. Be4 a5 29. Nd3 Nxd3+ 30. Bxd3 a4 31. Bg6+ Kxg6 32. Rxe6 Rxe6 33. Rxe6 axb3 34. axb3 Rb8 35. Rc6 Rxb3 36. Rxc5 Rb2+ 37. Kf3 Rb3+ 38. Kf4 d3 39. Rd5 Rc3 40. c5 d2 41. Rxd2 Rc4+ 42. Kf3 Rxc5 43. Rd3 Rc2 44. g4 Ra2 45. h4 Rb2 46. Kg3 Ra2 47. Kh3 Ra1 48. h5+ Kh6 49. Rd8 Kh7 50. Re8 Ra3+ 51. g3 Ra2 52. g5 fxg5 53. Kg4 g6 54. hxg6+ Kxg6 55. Re6+ Kg7 56. Kxg5 Ra5+ 57. Kh4 Rb5 58. g4 Ra5 59. Rb6 Rc5 60. g5 Rc1 1/2-1/2

[Event "Pardubice Czech op-A 26th"]
[Site "Pardubice"]
[Date "2015.07.26"]
[Round "3"]
[White "Sreeves, Clement"]
[Black "Lehmann, Holger"]
[Result "1-0"]
[WhiteElo "2333"]
[BlackElo "2180"]
[PlyCount "120"]
[EventDate "2015.07.24"]
[EventType "swiss"]
[EventRounds "9"]
[EventCountry "CZE"]
[SourceTitle "CBM 167 Extra"]
[Source "ChessBase"]
[SourceDate "2015.09.14"]
[SourceVersion "1"]
[SourceVersionDate "2015.09.14"]
[SourceQuality "1"]

1. e4 c5 2. Nf3 d6 3. d4 cxd4 4. Nxd4 Nf6 5. Nc3 Bd7 6. Bg5 e6 7. Ndb5 Bc6 8. Bxf6 gxf6 9. Qh5 a6 10. Nd4 Bd7 11. 0-0-0 Nc6 12. Nb3 b5 13. f4 b4 14. Ne2 Qc7 15. Ned4 Nxd4 16. Nxd4 Bg7 17. f5 e5 18. Ne6 Bxe6 19. fxe6 0-0 20. exf7+ Rxf7 21. b3 Re7 22. Bc4+ Kh8 23. Rd3 a5 24. Rhd1 a4 25. Rxd6 a3 26. R1d3 Rc8 27. Qf5 Rf8 28. R6d5 Qc8 29. Qxc8 Rxc8 30. Rd8+ Re8 31. Rxc8 Rxc8 32. Rd7 Re8 33. Bf7 Rb8 34. Kd2 Bf8 35. Be6 Rb6 36. Bd5 Rb8 37. Kd3 Rc8 38. Bc4 Rc6 39. c3 Rd6+ 40. Rxd6 Bxd6 41. Be6 Kg7 42. Kc4 bxc3 43. Kxc3 Bc5 44. b4 Bd4+ 45. Kb3 Bb2 46. b5 Kf8 47. b6 Bd4 48. b7 Ba7 49. Kxa3 Ke7 50. Bg8 h6 51. Kb4 Kd6 52. Kb5 Kc7 53. Bd5 Bg1 54. h3 h5 55. g3 Bf2 56. Ka6 Kb8 57. Bf7 Bxg3 58. Bxh5 Bf2 59. Bg4 Kc7 60. h4 Kb8 1-0

[Event "SCO-ch 122nd"]
[Site "Edinburgh"]
[Date "2015.07.19"]
[Round "9"]
[White "Sreeves, Clement"]
[Black "Giacometto, Mario"]
[Result "1-0"]
[WhiteElo "2333"]
[BlackElo "1952"]
[PlyCount "81"]
[EventDate "2015.07.11"]
[EventType "swiss"]
[EventRounds "9"]
[EventCountry "SCO"]
[SourceTitle "CBM 167 Extra"]
[Source "ChessBase"]
[SourceDate "2015.09.14"]
[SourceVersion "1"]
[SourceVersionDate "2015.09.14"]
[SourceQuality "1"]

1. c4 e6 2. g3 d5 3. Bg2 Nf6 4. Nf3 c6 5. 0-0 Be7 6. b3 0-0 7. Bb2 Nbd7 8. d3 b5 9. Nbd2 a5 10. a3 Bb7 11. e4 dxe4 12. dxe4 bxc4 13. e5 Nd5 14. Nxc4 N7b6 15. Qc2 Nxc4 16. bxc4 Nb6 17. c5 Nd5 18. h4 Ba6 19. Rfe1 h6 20. Nd2 Rb8 21. Ne4 Bd3 22. Qxd3 Rxb2 23. Rab1 Rxb1 24. Rxb1 Qa8 25. Qb3 Bd8 26. Qb7 Bc7 27. Nd6 Qb8 28. f4 Qxb7 29. Rxb7 Rb8 30. Ra7 Rb1+ 31. Kh2 Rb2 32. Kh3 Bb8 33. Rd7 Ne3 34. Be4 g6 35. Nxf7 Nf1 36. Nxh6+ Kf8 37. Bxg6 Rh2+ 38. Kg4 Rg2 39. Kg5 Rxg3+ 40. Kf6 Bxe5+ 41. fxe5 1-0

[Event "SCO-ch 122nd"]
[Site "Edinburgh"]
[Date "2015.07.18"]
[Round "8"]
[White "Pritchett, Craig William"]
[Black "Sreeves, Clement"]
[Result "1-0"]
[WhiteElo "2324"]
[BlackElo "2333"]
[PlyCount "63"]
[EventDate "2015.07.11"]
[EventType "swiss"]
[EventRounds "9"]
[EventCountry "SCO"]
[SourceTitle "CBM 167 Extra"]
[Source "ChessBase"]
[SourceDate "2015.09.14"]
[SourceVersion "1"]
[SourceVersionDate "2015.09.14"]
[SourceQuality "1"]

1. Nf3 f5 2. g3 Nf6 3. Bg2 e6 4. 0-0 Be7 5. c4 0-0 6. b3 Ne4 7. Bb2 Bf6 8. Bxf6 Qxf6 9. Na3 a5 10. d3 Nc5 11. Nb5 c6 12. Nd6 Qe7 13. Nxc8 Rxc8 14. Qc2 Nba6 15. Qc3 b6 16. Ne5 Ra7 17. d4 Ne4 18. Qe3 d6 19. Nd3 d5 20. Rfc1 c5 21. cxd5 exd5 22. Nf4 Qd6 23. dxc5 bxc5 24. Rd1 Nb4 25. Bxe4 fxe4 26. Qxe4 Re7 27. Qf5 Rf8 28. Qg4 g5 29. Nxd5 Nxd5 30. Qxg5+ Qg6 31. Qxd5+ Kh8 32. Qxc5 1-0